[Event "7th ch-Euro"]
[Site "Kusadasi TUR"]
[Date "2006.04.09"]
[Round "6"]
[White "Zelcic,R"]
[Black "Seeman,T"]
[Result "1/2-1/2"]
[WhiteElo "2514"]
[BlackElo "2422"]

1.e4 c5 2.Nf3 e6 3.d4 cxd4 4.Nxd4 Nc6 5.Nc3 d6 6.Be2 Nf6 7.O-O Be7 8.Be3 Bd7
9.Nb3 a6 10.a4 Na5 11.Nd2 O-O 12.f4 Qc7 13.Qe1 b5 14.Qf2 Nc4 15.Nxc4 bxc4
16.Bb6 Qb7 17.e5 dxe5 18.fxe5 Nd5 19.Nxd5 exd5 20.a5 Be6 21.Bf3 Qc6 22.Rfd1 Rfb8
23.Kh1 Bd8 24.Bxd8 Rxd8 25.Qd4 Rab8 26.h3 h6 27.Rd2 Rd7 28.Ra3 Qb5 29.b3 Qb4
30.Ra4 Qe7 31.Be2 Rb4 32.Rxb4 Qxb4 33.Bg4 Qxa5 34.Bxe6 fxe6 35.bxc4 Rc7 36.cxd5 Qxd5
37.Qe3 Qc4 38.Qf3 Rc8 39.c3 Rf8 40.Qg3 a5 41.Rd4 Qe2 42.Rd6 a4 43.Rxe6 a3
44.Re7 Rf7 45.Re8+ Rf8 46.Re7 Rf7 47.Re8+ Kh7 48.e6 Rf5 49.e7 a2 50.Rf8 a1=Q+
51.Kh2 Rg5 52.Qxg5 hxg5 53.e8=Q Qxe8 54.Rxe8 Qxc3 55.Re4 Kg6 56.Rg4 Kf5 57.Kg1 Qc5+
58.Kh2 Qd6+ 59.Kh1 Qd2 60.Kh2 Qd1 61.Rc4 Qb3 62.Rg4 Qc2 63.Kg1 Qc1+ 64.Kh2 Ke6
65.Re4+ Kd5 66.Rg4 Qc7+ 67.Kh1 Qe5 68.Kg1 Ke6 69.Kh1 Kf5 70.Kg1 Qe2 71.Kh2 Kg6
72.Kg1 Kh5 73.Kh2 Qc2 74.Kg1 Qb1+ 75.Kh2 Qc1 76.Re4 Kg6 77.Rg4 Kf5 78.Ra4 Ke5
79.Rg4 Qf1 80.Ra4 Qd1 81.Rg4 Qe1 82.Rc4  1/2-1/2

[Event "7th ch-Euro w"]
[Site "Kusadasi TUR"]
[Date "2006.04.09"]
[Round "6"]
[White "Chelushkina,I"]
[Black "Javakhishvili,L"]
[Result "1/2-1/2"]
[WhiteElo "2312"]
[BlackElo "2444"]

1.e4 c5 2.Nf3 e6 3.d4 cxd4 4.Nxd4 Nc6 5.Nc3 Qc7 6.Be2 a6 7.O-O Nf6 8.Kh1 Be7
9.f4 d6 10.Be3 O-O 11.a4 Re8 12.Bd3 Nb4 13.a5 Bd7 14.Nb3 Rac8 15.Bb6 Qb8
16.Nd4 e5 17.fxe5 dxe5 18.Nf5 Bxf5 19.Rxf5 Bd8 20.Be3 Qd6 21.Qf1 Nxd3 22.cxd3 Qb4
23.Qe2 Re6 24.h3 Ne8 25.Rf2 f6 26.Qd1 Rec6 27.Nd5 Qf8 28.b4 Be7 29.Bb6 Kh8
30.Rb1 Qf7 31.Kh2 Bf8 32.Qg4 Nd6 33.Rbf1 Nb5 34.Rb2 Nc3 35.Nxc3 Rxc3 36.b5 Rc2
37.bxa6 bxa6 38.Rfb1 h5 39.Qd1 R2c3 40.Qe2 Qg6 41.Bf2 Kh7 42.Rb8 Rc2 43.Qf3 Rxb8
44.Rxb8 Bc5 45.Bxc5 Rxc5 46.d4 exd4 47.Rd8 Rxa5 48.Rd5 Rb5 49.Rxd4 Re5 50.h4 Qe8
51.Qd3 Qb5 52.Qxb5 axb5 53.Kg3 g5 54.hxg5 Rxg5+ 55.Kf3 Kg6 56.g3 Rc5 57.Kf4 Kf7
58.Rd6 Ke7 59.Rb6 Re5 60.Rb7+ Kd6 61.Rb6+ Ke7 62.Rb7+  1/2-1/2

[Event "7th ch-Euro w"]
[Site "Kusadasi TUR"]
[Date "2006.04.09"]
[Round "6"]
[White "Zawadzka,J"]
[Black "Botsari,A"]
[Result "1/2-1/2"]
[WhiteElo "2378"]
[BlackElo "2341"]

1.e4 c5 2.Nf3 e6 3.d4 cxd4 4.Nxd4 Nc6 5.Nc3 a6 6.Be3 Nf6 7.Qd2 Bb4 8.f3 d5
9.a3 Qa5 10.Nb3 Bxc3 11.bxc3 Qc7 12.Bf4  1/2-1/2

[Event "7th ch-Euro w"]
[Site "Kusadasi TUR"]
[Date "2006.04.09"]
[Round "6"]
[White "Paehtz,E"]
[Black "Kursova,M"]
[Result "1/2-1/2"]
[WhiteElo "2422"]
[BlackElo "2319"]

1.e4 c5 2.Nf3 e6 3.d4 cxd4 4.Nxd4 Nc6 5.Nc3 a6 6.Nxc6 bxc6 7.Bd3 d5 8.O-O Nf6
9.Qf3 Be7 10.Bf4 O-O 11.Rfe1 Bb7 12.Qh3 g6 13.Rad1 Re8 14.Ne2 Qb6 15.Ng3 Rad8
16.e5 Nd7 17.Qg4 c5 18.b3 Qb4 19.h4 Bf8 20.h5 Bg7 21.hxg6 fxg6 22.c4 Nf8
23.Qh4 Rd7 24.Bh6 Bxh6 25.Qxh6 Red8 26.Rc1 d4 27.Qg5 Qa5 28.Nh5 Rf7 29.Nf6+ Kh8
30.Re2 Rb8 31.f4 Qd8 32.Qh4 Qe7 33.g4 Ba8 34.g5 a5 35.Rh2 Qb7 36.Rf1 Rd8
37.Qe1 Qb4 38.Qxb4 axb4 39.a4 Rc8 40.Rff2 Ra7  1/2-1/2

[Event "32nd ch-IND w"]
[Site "Visakhapatnam IND"]
[Date "2006.04.09"]
[Round "8"]
[White "Soumya,S"]
[Black "Swathi,G"]
[Result "0-1"]
[WhiteElo "2156"]
[BlackElo "2244"]

1.e4 c5 2.Nf3 e6 3.d4 cxd4 4.Nxd4 Nc6 5.Nc3 d6 6.f3 a6 7.Be3 Qc7 8.Qd2 Nf6
9.g4 Ne5 10.O-O-O Nfd7 11.Qe2 Nb6 12.Nb3 Nec4 13.Bd4 Bd7 14.a4 Rc8 15.a5 Na4
16.Nxa4 Bxa4 17.Qxc4 Qxc4 18.Bxc4 Rxc4 19.Kb1 f6 20.Bc3 h5 21.h3 Kf7 22.Nd4 Be7
23.Ne2 Bb5 24.Ng3 g6 25.g5 Rxc3 26.bxc3 fxg5 27.Rhe1 Rc8 28.Kb2 Rc5 29.Ra1 Bd8
30.Ne2 Bc4 31.Nd4 Bxa5 32.Re3 Bb6 33.Ree1 Rc7 34.Rad1 e5 35.Nb3 Ke7 36.Rd2 Be6
37.Red1 Rc6 38.Rh2 h4 39.Ra1 Rc8 40.Ra4 Be3 41.Ra1 Rf8 42.Na5 Kd7 43.Rd1 Kc7
44.Rd3 Bb6 45.Nxb7 Rb8 46.Rxd6 Rxb7 47.Rxe6 Bg1+ 48.Ka2 Bxh2 49.Rxg6 Bf4
50.Rxa6 Rb6 51.Ra7+ Kd6  0-1

[Event "XXIX Open"]
[Site "Donostia San Sebastian ESP"]
[Date "2006.04.10"]
[Round "4"]
[White "Petrov,Marij"]
[Black "Jakobsen,O"]
[Result "1/2-1/2"]
[WhiteElo "2427"]
[BlackElo "2388"]

1.e4 c5 2.Nf3 e6 3.d4 cxd4 4.Nxd4 Nc6 5.Nc3 d6 6.f4 Nf6 7.Nf3 Be7 8.Bd3 O-O
9.O-O b5 10.Kh1 b4 11.Ne2 d5 12.Ng3 dxe4 13.Nxe4 Bb7 14.Qe1 Nxe4 15.Bxe4 Qc7
16.Bd2 Rfd8 17.c3 a5 18.Rc1 Qb6 19.Be3 Qb5 20.c4 Qa6 21.Qg3 f5 22.Bxc6 Bxc6
23.Bd4 Bf8 24.Rfd1 Rac8 25.Ne5 Be4 26.Rd2 Rd6 27.Rcd1 Rcd8 28.h4 Bc2 29.Rxc2 Rxd4
30.Rxd4 Rxd4 31.Kh2 Bd6 32.c5 Bxe5 33.fxe5 Qc6 34.h5 h6 35.Qf3 Re4 36.Rc4 Qd5
37.Rxe4 fxe4 38.Qf4 Qxc5 39.Qxe4  1/2-1/2

[Event "7th ch-Euro w"]
[Site "Kusadasi TUR"]
[Date "2006.04.10"]
[Round "7"]
[White "Zdebskaja,N"]
[Black "Gaponenko,I"]
[Result "1/2-1/2"]
[WhiteElo "2326"]
[BlackElo "2437"]

1.e4 c5 2.Nf3 Nc6 3.Nc3 e6 4.d4 cxd4 5.Nxd4 Nf6 6.Be2 Bb4 7.O-O O-O 8.Nxc6 dxc6
9.e5 Bxc3 10.bxc3 Qxd1 11.Rxd1 Nd5 12.Rd3 b6 13.c4 Nb4 14.Rg3 Rd8 15.Bg5 Rd7
16.c3 Na6 17.Bf6 g6 18.Bf3 Bb7 19.h4 Rc8 20.h5 Nc5 21.Rg4 Ba6 22.Rd4 Rxd4
23.cxd4 Nd7 24.d5 Nxf6 25.exf6 exd5 26.cxd5 c5 27.d6 Rd8 28.Rd1 Bb5 29.Bg4 Bd7
30.Bxd7 Rxd7 31.h6 Kf8 32.Kf1 Ke8 33.Re1+ Kf8 34.Rd1 Ke8 35.g4 g5 36.Rd5 Rd8
37.Rxg5 Rxd6 38.Rg8+ Kd7 39.g5 Ke6 40.Rc8 Rd5 41.Re8+ Kf5 42.Rg8 Ke6 43.Re8+ Kf5
44.Rg8 Ke6 45.Re8+  1/2-1/2

[Event "7th ch-Euro"]
[Site "Kusadasi TUR"]
[Date "2006.04.10"]
[Round "7"]
[White "Sedlak,N"]
[Black "Jovanic,O"]
[Result "1-0"]
[WhiteElo "2518"]
[BlackElo "2477"]

1.e4 c5 2.Nf3 e6 3.d4 cxd4 4.Nxd4 Nc6 5.Nc3 Qc7 6.Be2 Nf6 7.Be3 a6 8.a3 Nxd4
9.Bxd4 Bc5 10.e5 Nd5 11.Bxc5 Nxc3 12.Bd6 Nxd1 13.Bxc7 Nxb2 14.a4 d5 15.exd6 Bd7
16.Bf3 Bc6 17.Bxc6+ bxc6 18.Kd2 Nc4+ 19.Kc3 Ne5 20.Rab1 Nd7 21.Kc4 Ra7 22.Rb3 f6
23.Rhb1 Kf7 24.a5 e5 25.Rb6 Ke6 26.Rxc6 g5 27.Rcb6 Nxb6+ 28.axb6 Rb7 29.Kc5 Kd7
30.Kd5 Re8 31.Re1 a5 32.c4 e4 33.Rxe4  1-0

[Event "43rd ch-IND"]
[Site "Visakhapatnam IND"]
[Date "2006.04.10"]
[Round "11"]
[White "Ramesh,R"]
[Black "Himanshu,Sh"]
[Result "1-0"]
[WhiteElo "2491"]
[BlackElo "2411"]

1.e4 c5 2.Nf3 e6 3.d4 cxd4 4.Nxd4 Nc6 5.Nc3 Qc7 6.Be3 a6 7.Qd2 Nf6 8.O-O-O Bb4
9.f3 d5 10.a3 Bd6 11.Nb3 O-O 12.exd5 Nxd5 13.Nxd5 exd5 14.Qxd5 Rd8 15.Bd3 g6
16.Qg5 Ne5 17.Kb1 b5 18.Be4 Rb8 19.Bd4 Re8 20.Rhe1 Bf8 21.Bxg6 h6 22.Bxf7+ Kxf7
23.Qf4+  1-0

[Event "XXIX Open"]
[Site "Donostia San Sebastian ESP"]
[Date "2006.04.12"]
[Round "6"]
[White "Spraggett,K"]
[Black "Hanley,C"]
[Result "1-0"]
[WhiteElo "2578"]
[BlackElo "2418"]

1.e4 c5 2.Nf3 e6 3.d4 cxd4 4.Nxd4 Nc6 5.Nc3 Qc7 6.Be3 a6 7.Qd2 Nf6 8.O-O-O Bb4
9.f3 Ne5 10.Nb3 b5 11.Kb1 Nc4 12.Bxc4 bxc4 13.Nd4 Rb8 14.Ka1 O-O 15.g4 d6
16.h4 e5 17.Nf5 Bxf5 18.gxf5 d5 19.exd5 Qb7 20.Rhg1 Rfd8 21.Rb1 Nxd5 22.Qg2 f6
23.Nxd5 Rxd5 24.Qg4 c3 25.b3 Bf8 26.h5 Qb4 27.h6 Rb7 28.hxg7 Rxg7 29.Qh5 Qe7
30.Bh6 Rxg1 31.Rxg1+ Kh8 32.Bc1 Rd4 33.Kb1 Qd7 34.f4 e4 35.Qh3 Bb4 36.a3 Ba5
37.Qg2 Qf7 38.Be3 Rd8 39.Qxe4 Qd7 40.Bc5 Re8 41.Qc4 Rc8 42.Qxa6 Qc6 43.Qc4 Qe8
44.Bd4  1-0

[Event "7th ch-Euro"]
[Site "Kusadasi TUR"]
[Date "2006.04.12"]
[Round "8"]
[White "Czarnota,P"]
[Black "Stefansson,H"]
[Result "1/2-1/2"]
[WhiteElo "2497"]
[BlackElo "2585"]

1.e4 c5 2.Nf3 e6 3.d4 cxd4 4.Nxd4 Nc6 5.Nc3 Qc7 6.Be2 a6 7.O-O Nf6 8.Be3 Be7
9.f4 d6 10.a4 O-O 11.Kh1 Re8 12.Bd3 Bd7 13.Qf3 Nb4 14.a5 Rac8 15.Qg3 Nxd3
16.cxd3 Bc6 17.Nf3 Nd7 18.Bd4 Bf6 19.Bxf6 Nxf6 20.Qh3 b6 21.f5 e5 22.Rae1 d5
23.exd5 Bxd5 24.axb6 Qxb6 25.Nxd5 Nxd5 26.Nxe5 Qxb2 27.f6 Nxf6 28.Nd7 Rcd8
29.Rb1 Qd4 30.Nxf6+ gxf6 31.Qh6 Qxd3 32.Qxf6 Qg6 33.Qf2 Re6 34.h3 Rde8  1/2-1/2

[Event "7th ch-Euro w"]
[Site "Kusadasi TUR"]
[Date "2006.04.12"]
[Round "8"]
[White "Sommer,S"]
[Black "Eckhardt,C"]
[Result "0-1"]
[WhiteElo "2047"]
[BlackElo "2260"]

1.e4 c5 2.Nf3 e6 3.Nc3 Nc6 4.d4 cxd4 5.Nxd4 a6 6.Be3 Nf6 7.Bd3 Qc7 8.O-O b5
9.Nxc6 Qxc6 10.f3 Bc5 11.Qe2 e5 12.Kh1 Bxe3 13.Qxe3 O-O 14.a4 b4 15.Na2 a5
16.Bb5 Qe6 17.c4 bxc3 18.Nxc3 Bb7 19.Rad1 Rfd8 20.Rfe1 h6 21.Rd2 Bc6 22.Red1 Bxb5
23.Nxb5 Rdc8 24.b3 Rc6 25.Rd6 Rxd6 26.Rxd6 Qe7 27.Qd2 Rc8 28.h3 Nh5 29.Kh2 Qh4
30.Rxd7 Qg3+ 31.Kh1 Rc6 32.Rd6 Rc5 33.Rd3 Nf4 34.Rc3 Rxc3 35.Nxc3 Nxg2 36.Nd5 Qxh3+
37.Kg1 Nh4 38.Ne7+ Kh7 39.Qe2 Nxf3+ 40.Kf2 Nd4 41.Qa6 Qh4+  0-1

[Event "7th ch-Euro"]
[Site "Kusadasi TUR"]
[Date "2006.04.12"]
[Round "8"]
[White "Meier,Geo"]
[Black "Rogic,D"]
[Result "1/2-1/2"]
[WhiteElo "2424"]
[BlackElo "2533"]

1.e4 c5 2.Nf3 e6 3.d4 cxd4 4.Nxd4 Nc6 5.Nc3 d6 6.g4 a6 7.Be3 Nge7 8.Nb3 b5
9.f4 Bb7 10.Qf3 Na5 11.O-O-O Nxb3+ 12.axb3 Nc6 13.Kb1 Qc7 14.Qf2 Rc8 15.g5 Nb4
16.Bd4 h6 17.Rg1 hxg5 18.Rxg5 Rh7 19.Rd2 Be7 20.Bb6 Qb8 21.Rg4 Kf8 22.f5 e5
23.Ba5 Nc6 24.Bb6 Nb4 25.Ba5 Nc6 26.Bb6  1/2-1/2

[Event "7th ch-Euro w"]
[Site "Kusadasi TUR"]
[Date "2006.04.12"]
[Round "8"]
[White "Ushenina,A"]
[Black "Velcheva,M"]
[Result "1-0"]
[WhiteElo "2398"]
[BlackElo "2286"]

1.e4 c5 2.Nf3 e6 3.d4 cxd4 4.Nxd4 Nc6 5.Nc3 Qc7 6.Be3 a6 7.Qd2 Nf6 8.O-O-O Bb4
9.f3 Ne5 10.Nb3 b5 11.Kb1 Be7 12.Qf2 Nc4 13.Bxc4 bxc4 14.Bb6 Qb8 15.Na5 Bb4
16.Nc6 dxc6 17.Rd8+ Ke7 18.Rxh8 e5 19.Rd1 Ke6 20.f4 exf4 21.Qd4 Nd7 22.Re8+ Be7
23.Bd8  1-0

[Event "XXXVII Open"]
[Site "Mar del Plata ARG"]
[Date "2006.04.12"]
[Round "6"]
[White "Cubas,Jo"]
[Black "Duarte,L"]
[Result "0-1"]
[WhiteElo "2425"]
[BlackElo "2374"]

1.e4 c5 2.Nf3 e6 3.d4 cxd4 4.Nxd4 Nc6 5.Nc3 Qc7 6.Be3 a6 7.Bd3 b5 8.Nxc6 Qxc6
9.O-O Bb7 10.Re1 Nf6 11.a3 Qc7 12.Qf3 Bd6 13.h3 Be5 14.Bd2 O-O 15.Qe3 Rfe8
16.f4 Bd6 17.b4 e5 18.f5 Bf8 19.Qg3 d5 20.Bg5 Qxc3 21.Bxf6 Kh8 22.Bh4 dxe4
23.Bf1 Rac8 24.Qxc3 Rxc3 25.a4 Bxb4 26.axb5 Bc5+ 27.Kh2 axb5 28.Bxb5 Rc8
29.Re2 Bd4 30.Ra2 h6 31.Be1 R3c5 32.c4 e3 33.Bb4 Rxc4 34.Bxc4 Rxc4 35.Be7 Be4
36.f6 Bd3 37.Ra8+ Kh7 38.fxg7 Kxg7 39.Re1 Rc2 40.Bh4 Be4 41.Rd8 Rxg2+ 42.Kh1 Rg4+
43.Kh2 Rxh4 44.Rd6 Rf4 45.h4 Rf2+  0-1

[Event "43rd ch-IND"]
[Site "Visakhapatnam IND"]
[Date "2006.04.12"]
[Round "13"]
[White "Sandipan,C"]
[Black "Himanshu,Sh"]
[Result "1-0"]
[WhiteElo "2522"]
[BlackElo "2411"]

1.e4 c5 2.Nf3 Nc6 3.d4 cxd4 4.Nxd4 e6 5.Nc3 Qc7 6.Be3 a6 7.Qd2 Nf6 8.O-O-O d6
9.f3 Bd7 10.g4 Nxd4 11.Bxd4 Bc6 12.g5 Nd7 13.h4 b5 14.a3 Nc5 15.h5 Rg8 16.g6 hxg6
17.hxg6 fxg6 18.Bh3 Qf7 19.Bxc5 dxc5 20.Nd5 Bd6 21.Nf6+ gxf6 22.Qxd6 Bd7
23.Qxc5 Rc8 24.Qb6 Rc6 25.Qb7 Qe7 26.Rd2 Qd8 27.Rhd1 Rc7 28.Rxd7 Rxd7 29.Qc6  1-0

[Event "XXIX Open"]
[Site "Donostia San Sebastian ESP"]
[Date "2006.04.13"]
[Round "7"]
[White "Neelotpal,D"]
[Black "Cornette,M"]
[Result "1-0"]
[WhiteElo "2514"]
[BlackElo "2448"]

1.e4 c5 2.Nf3 e6 3.Nc3 Nc6 4.d4 cxd4 5.Nxd4 Qc7 6.Be2 a6 7.O-O b5 8.Nxc6 dxc6
9.f4 Bb7 10.Qe1 b4 11.Nb1 c5 12.Nd2 Nf6 13.Bd3 Be7 14.Nc4 O-O 15.b3 a5 16.Bb2 a4
17.Rb1 Rfd8 18.Qg3 Bc8 19.Rbd1 axb3 20.axb3 g6 21.Be5 Qb7 22.f5 Nxe4 23.fxg6 fxg6
24.Qh3  1-0

[Event "XXIX Open"]
[Site "Donostia San Sebastian ESP"]
[Date "2006.04.13"]
[Round "7"]
[White "Martin Alvarez,I"]
[Black "Ivanov,Jo"]
[Result "0-1"]
[WhiteElo "2092"]
[BlackElo "2364"]

1.e4 c5 2.Nf3 e6 3.Nc3 Nc6 4.d4 cxd4 5.Nxd4 d6 6.g3 Bd7 7.Bg2 a6 8.a4 Be7
9.Be3 Nf6 10.O-O O-O 11.f4 Qc7 12.Nb3 Nb4 13.Qe2 Rac8 14.a5 Qc4 15.Qxc4 Rxc4
16.Rfc1 e5 17.Nd2 Rcc8 18.Bf1 d5 19.exd5 Nfxd5 20.Nxd5 Nxd5 21.Ba7 exf4 22.c4 Nb4
23.gxf4 Bf6 24.Rd1 Bg4 25.Ne4 Bxb2 26.Bc5 Bxa1 27.Rxa1 Rfe8 28.Nd6 Rxc5 29.Nxe8 Nc6
30.h3 Bd7 31.Nd6 Nd8 32.Rd1 Ba4 33.Ra1 Bc6 34.Kf2 Kf8 35.Bd3 g6 36.Ke3 Bg2
37.f5 Ke7 38.Ne4 Rxf5 39.h4 Rh5 40.Nc3 Rxh4 41.Re1 Kd6 42.Na4 Ne6 43.Rb1 Rh3+
44.Kd2 Bc6  0-1

[Event "7th ch-Euro"]
[Site "Kusadasi TUR"]
[Date "2006.04.13"]
[Round "9"]
[White "Luther,T"]
[Black "Hulak,K"]
[Result "1-0"]
[WhiteElo "2569"]
[BlackElo "2541"]

1.e4 c5 2.Nf3 e6 3.d4 cxd4 4.Nxd4 Nc6 5.Nc3 Qc7 6.Be3 a6 7.Qd2 Nf6 8.O-O-O Bb4
9.f3 Ne5 10.Nb3 Nc4 11.Bxc4 Qxc4 12.Bd4 O-O 13.a3 Be7 14.Bc5 Bxc5 15.Na5 Be3
16.Nxc4 Bxd2+ 17.Rxd2 b5 18.Nd6 Rd8 19.Rhd1 Kf8 20.e5 Nh5 21.Rd4 g6 22.g4 Ng7
23.Nce4 h6 24.Nf6 Rb8 25.Nxc8 Rbxc8 26.Rxd7 Rxd7 27.Rxd7 Rc5 28.Ra7  1-0

[Event "7th ch-Euro"]
[Site "Kusadasi TUR"]
[Date "2006.04.13"]
[Round "9"]
[White "Erenburg,S"]
[Black "Jovanic,O"]
[Result "1/2-1/2"]
[WhiteElo "2573"]
[BlackElo "2477"]

1.e4 c5 2.Nf3 e6 3.d4 cxd4 4.Nxd4 Nc6 5.Nc3 Qc7 6.Be3 a6 7.Qd2 Nf6 8.O-O-O Bb4
9.f3 Ne5 10.Nb3 b5 11.Kb1 Nc4 12.Bxc4 bxc4 13.Nc1 Rb8 14.N1e2 O-O 15.Bf4 e5
16.Bg5 Ne8 17.Ka1 d6 18.Qc1 Be6 19.Nd5 Bxd5 20.Rxd5 c3 21.b3 f6 22.Bh4 Rb5
23.Qe3 Rxd5 24.exd5 Qa5 25.Be1 Qxd5 26.Nxc3 Qc6 27.Qd3 Nc7 28.Na4 Rb8 29.c4 d5
30.Bxb4 Rxb4 31.c5 Ne6 32.Rc1 Nf4 33.Qd2 a5 34.Nb6 d4 35.a3 Rb5 36.b4 axb4
37.axb4 h6 38.Rb1 Kh8 39.Qa2 d3 40.Rb2 Kh7 41.Qb3 e4 42.fxe4 Qxe4 43.Qc4 Qxc4
44.Nxc4 Nd5 45.c6 Nxb4 46.Kb1 Nd5 47.Rxb5 Nc3+ 48.Kc1 Nxb5 49.Kd2 Kg6 50.Kxd3 Kf7
51.Na3 Na7 52.c7 Ke6 53.Nb5 Nc8 54.Kd4 Kd7 55.Kc5 h5 56.g3 g5 57.Kd5 Ne7+
58.Kc5 Nc8 59.h3 f5 60.Kd5 h4 61.gxh4 gxh4 62.Ke5 Ne7 63.Nd4 Kxc7 64.Nf3 Kd7
65.Nxh4 Ke8 66.Kf6 Kf8 67.Ng2 Nd5+ 68.Ke6 Ne7 69.Nf4 Ng8 70.Kxf5 Kg7 71.Nd5 Nh6+
72.Kg5 Nf7+ 73.Kf4 Kg6 74.Ne3 Kh5 75.Ng2 Kh6 76.h4 Kg6  1/2-1/2

[Event "7th ch-Euro w"]
[Site "Kusadasi TUR"]
[Date "2006.04.13"]
[Round "9"]
[White "Pogonina,N"]
[Black "Botsari,A"]
[Result "1/2-1/2"]
[WhiteElo "2409"]
[BlackElo "2341"]

1.e4 c5 2.Nf3 e6 3.d4 cxd4 4.Nxd4 Nc6 5.Nc3 a6 6.Nb3 Nf6 7.Bd3 b5 8.O-O h5
9.Qe2 Qc7 10.Bd2 Bb7 11.a4 b4 12.Nd1 d5 13.exd5 Nxd5 14.c3 Bd6 15.h3 Ne5
16.cxb4 Nxd3 17.Qxd3 Nxb4 18.Qc3 Qxc3  1/2-1/2

[Event "Foxwoods Open"]
[Site "Ledyards USA"]
[Date "2006.04.13"]
[Round "2"]
[White "Mirabile,T"]
[Black "Boor,C"]
[Result "0-1"]
[WhiteElo "2204"]
[BlackElo "2233"]

1.e4 c5 2.Nf3 e6 3.d4 cxd4 4.Nxd4 Nc6 5.Nc3 Qc7 6.Be2 a6 7.O-O Nf6 8.Be3 Bb4
9.Na4 Be7 10.Nxc6 bxc6 11.Qd4 Rb8 12.a3 a5 13.e5 Nd5 14.Bd2 c5 15.Qg4 Qxe5
16.c4 Bd6 17.g3 Nf6 18.Qf3 Bb7 19.Qd3 Be4 20.Qe3 Qf5 21.b4 Qh3 22.f3 Ng4  0-1

[Event "LII Nacional Abierto"]
[Site "Mexico City MEX"]
[Date "2006.04.13"]
[Round "3"]
[White "Alford,J"]
[Black "Gonzalez Garcia,J"]
[Result "1-0"]
[WhiteElo "2266"]
[BlackElo "2494"]

1.e4 c5 2.Nf3 e6 3.d4 cxd4 4.Nxd4 Nc6 5.Nc3 d6 6.Bc4 Nf6 7.Bb3 Be7 8.O-O O-O
9.Be3 Na5 10.f4 b6 11.e5 Ne8 12.f5 dxe5 13.fxe6 exd4 14.exf7+ Kh8 15.fxe8=Q Qxe8
16.Bxd4 Nxb3 17.axb3 Bb7 18.Qg4 Qg6 19.Rxf8+ Bxf8 20.Qxg6 hxg6 21.Nb5 Rd8
22.c3 a6 23.Nc7 Bc5 24.Ne6 Re8 25.Ng5 Bxd4+ 26.cxd4 Re2 27.h4 Rxg2+ 28.Kf1 Rh2
29.Re1 Rh1+ 30.Kf2 Rxe1 31.Kxe1 Bd5 32.b4 Kg8 33.Kd2 Kf8 34.Ke3 Ke7 35.Kf4 Kf6
36.Nh7+ Ke6 37.Ng5+ Kf6 38.Ne4+ Ke6 39.Nc3 Bb3 40.d5+ Kd6 41.Ke4 Bc2+ 42.Kd4 Bb3
43.Ne4+ Kd7 44.Ke5 Bc2 45.Ng5 Bf5 46.Ne6 Ke7 47.Nxg7 Bd3 48.Ne6 Bc2 49.d6+ Kd7
50.Nf8+ Ke8 51.Kf6 Bb1 52.Nxg6 Kd7 53.h5 Ba2 54.h6 Bg8 55.Kg7 a5  1-0

[Event "LII Nacional Abierto"]
[Site "Mexico City MEX"]
[Date "2006.04.13"]
[Round "3"]
[White "Martin del Campo,R"]
[Black "Hernandez,Ya"]
[Result "1-0"]
[WhiteElo "2453"]
[BlackElo "2225"]

1.e4 c5 2.Nc3 Nc6 3.Nf3 e6 4.d4 cxd4 5.Nxd4 Nf6 6.Nxc6 bxc6 7.e5 Nd5 8.Ne4 Bb7
9.Bd3 Qc7 10.f4 c5 11.c4 Nb4 12.Bb1 Be7 13.O-O g6 14.Be3 a5 15.Rf2 Rb8 16.Rd2 Na6
17.Nc3 Bc6 18.Be4 Bxe4 19.Nxe4 Rb6 20.Qf3 a4 21.Nc3 Rb4 22.a3 Rb3 23.Qa8+ Nb8
24.Qxa4 Qb6 25.Qa8 O-O 26.Qe4 Rd8 27.Qc2 Qb7 28.Bf2 Nc6 29.Rad1 Na5 30.Ne4 Qc6
31.Rd6 Bxd6 32.Rxd6 Qa8 33.Nxc5 Rbb8 34.Nxd7 Rxd7 35.Rxd7 Qc6 36.Rd4 Nb3
37.Rd6 Qb7 38.Rb6 Ra8  1-0

[Event "32nd ch-IND w"]
[Site "Visakhapatnam IND"]
[Date "2006.04.13"]
[Round "13"]
[White "Ramaswamy,A"]
[Black "Kavitha,J"]
[Result "1-0"]
[WhiteElo "2239"]
[BlackElo "2126"]

1.e4 c5 2.Nf3 e6 3.d4 cxd4 4.Nxd4 Nc6 5.Nc3 a6 6.Nxc6 bxc6 7.e5 Qc7 8.Qh5 d5
9.exd6 Bxd6 10.Bd3 Ne7 11.O-O g6 12.Qh6 Nf5 13.Bxf5 gxf5 14.Re1 Be5 15.Rxe5 Qxe5
16.Bf4 Qc5 17.Rd1 Qf8 18.Qf6 Bd7 19.Bd6 Qxd6 20.Rxd6 Rg8 21.Na4 Rd8 22.Nc5 Rg6
23.Qd4 e5 24.Qxe5+  1-0

[Event "44th Doeberl Cup"]
[Site "Canberra AUS"]
[Date "2006.04.14"]
[Round "1"]
[White "Mendes da Costa,A"]
[Black "Bjelobrk,I"]
[Result "0-1"]
[WhiteElo "2064"]
[BlackElo "2404"]

1.e4 e6 2.d4 c5 3.Nf3 cxd4 4.Nxd4 Nc6 5.Nc3 Qc7 6.Be3 a6 7.Qd2 Nf6 8.Be2 Bb4
9.f3 d5 10.O-O-O e5 11.Nxc6 bxc6 12.a3 Bxc3 13.bxc3 Qa5 14.Kb2 Rb8+ 15.Ka2 Be6
16.c4 Qxd2 17.Rxd2 d4 18.Bf2 Nd7 19.c3 c5 20.cxd4 cxd4 21.f4 f6 22.fxe5 fxe5
23.Bg3 O-O 24.Rb1 Rbc8 25.Rc2 Rfe8 26.Rcc1 Bf7 27.Bg4 Rxc4 28.Kb2 Nc5 29.Be2 Rb8+  0-1

[Event "44th Doeberl Cup"]
[Site "Canberra AUS"]
[Date "2006.04.14"]
[Round "2"]
[White "Dizdarevic,M"]
[Black "Johansen,D"]
[Result "0-1"]
[WhiteElo "2169"]
[BlackElo "2452"]

1.e4 c5 2.Nf3 e6 3.d4 cxd4 4.Nxd4 Nc6 5.Nc3 d6 6.Be3 Nf6 7.g4 h6 8.Rg1 a6
9.Qe2 Bd7 10.O-O-O Qc7 11.f4 O-O-O 12.f5 Kb8 13.Qf2 Ne5 14.h3 Rc8 15.Kb1 Nc4
16.Bxc4 Qxc4 17.Rge1 Ka8 18.Bc1 Qc5 19.Qe2 Qc7 20.Qd3 Be7 21.Be3 Rhe8 22.Nb3 Qc4
23.Na5 Qxd3 24.cxd3 b5 25.Bd4 Bd8 26.Nb3 b4 27.Ne2 e5 28.Bf2 Bb5 29.Nbc1 d5
30.Ng3 a5 31.Be3 Bc7 32.Bf2 Kb7 33.Nh1 Red8 34.Ng3 Rd7 35.exd5 Rxd5 36.Ne4 Nxe4
37.dxe4 Rxd1 38.Rxd1 Rd8 39.Rxd8 Bxd8 40.Kc2 Bf1 41.h4 Bg2 42.Kd3 Bh3 43.Nb3 Bxg4
44.Nd2 f6 45.Nc4 Kc6 46.Ne3 Bh5 47.Nd5 Bf7 48.Kc4 g6 49.fxg6 Bxg6 50.Kd3 f5
51.Ne3 fxe4+ 52.Kc2 Bf7 53.b3 Be6 54.Nd1 h5 55.Nb2 Kb5 56.Bg3 Bb6 57.Bxe5 e3
58.Kd1 Bd8 59.Ke2 Bxh4 60.Kxe3 Be7 61.Kf4 h4 62.Nd3 Bg8 63.Ne1 Bh7 64.Nf3 Bb1
65.Nd4+ Kc5 66.Nf3 Bf5 67.Kxf5 Kd5 68.Bc7 Bd6  0-1

[Event "XXIX Open"]
[Site "Donostia San Sebastian ESP"]
[Date "2006.04.14"]
[Round "8"]
[White "Cornette,M"]
[Black "Jakobsen,O"]
[Result "1-0"]
[WhiteElo "2448"]
[BlackElo "2388"]

1.e4 c5 2.Nf3 e6 3.d4 cxd4 4.Nxd4 Nc6 5.Nc3 d6 6.g3 Nf6 7.Bg2 Bd7 8.O-O Be7
9.Re1 O-O 10.Nb3 a6 11.f4 b5 12.e5 Ne8 13.Be3 Qc7 14.Bf2 Rd8 15.Qe2 Bc8 16.h4 Bb7
17.exd6 Nxd6 18.Nc5 Bc8 19.a4 Nf5 20.Nxa6 Bxa6 21.Bxc6 b4 22.Qxa6 bxc3 23.b4 Bxb4
24.Rab1 Rd6 25.Qb7 Qxc6 26.Qxc6 Rxc6 27.Rxb4 h5 28.a5 Ra6 29.Ra1 Rfa8 30.Rba4 Rd8
31.R1a3 Rd5 32.Kg2 Kh7 33.Kf3 Kg6 34.Bb6 Rd6 35.Bc5 Rdc6 36.Rxc3 Nd6 37.Bb4 Rxc3+
38.Bxc3 Rc6 39.Be5 Nb5 40.c4 Nc7 41.Bxc7 Rxc7 42.a6 Ra7 43.Ke4 Kf6 44.Kd4 Kf5
45.Kc5  1-0

[Event "7th ch-Euro w"]
[Site "Kusadasi TUR"]
[Date "2006.04.14"]
[Round "10"]
[White "Shadrina,T"]
[Black "Kursova,M"]
[Result "1-0"]
[WhiteElo "2377"]
[BlackElo "2319"]

1.e4 c5 2.Nf3 e6 3.d4 cxd4 4.Nxd4 Nc6 5.Nc3 a6 6.f4 Qb6 7.Nb3 d6 8.Bd3 Nf6
9.Qf3 Be7 10.Be3 Qc7 11.g4 b5 12.g5 Nd7 13.O-O-O Bb7 14.Kb1 b4 15.Ne2 Nc5
16.Rhf1 Nxd3 17.cxd3 a5 18.Rc1 Qd7 19.Ned4 Nxd4 20.Nxd4 Bd8 21.f5 e5 22.Ne2 a4
23.f6 g6 24.Bd2 a3 25.b3 Ba5 26.Qg3 Ba6 27.Rf3 O-O 28.Rc4 d5 29.exd5 Qxd5
30.Rh4 Rfc8 31.Rxh7 Qc5 32.Bc3 bxc3 33.Kc2 e4 34.dxe4 Bxe2 35.Qh4 Bd1+ 36.Kc1 Qxg5+
37.Qxg5 Kxh7 38.Qh4+  1-0

[Event "7th ch-Euro w"]
[Site "Kusadasi TUR"]
[Date "2006.04.14"]
[Round "10"]
[White "Gaponenko,I"]
[Black "Nill,J"]
[Result "1-0"]
[WhiteElo "2437"]
[BlackElo "2339"]

1.e4 c5 2.Nf3 e6 3.d4 cxd4 4.Nxd4 Nc6 5.Nc3 Qc7 6.Be3 a6 7.Qd2 Nf6 8.O-O-O Bb4
9.f3 Ne7 10.Nde2 d5 11.a3 Ba5 12.Bg5 dxe4 13.Bxf6 gxf6 14.Qh6 f5 15.Qf6 Rf8
16.fxe4 Bd7 17.g3 Ng8 18.Qh4 Qe5 19.Bg2 Bc6 20.Rhg1 Bb6 21.Rge1 h6 22.Nf4 Rd8
23.exf5 Rxd1+ 24.Rxd1 Qxf5 25.Bxc6+ bxc6 26.Kb1 Qg5 27.Qh3 Qe5 28.Qf1 a5
29.Qc4 Ne7 30.Ne4 Bc7 31.Nh5 f5 32.Nc5 Nd5 33.Nxe6  1-0

[Event "7th ch-Euro"]
[Site "Kusadasi TUR"]
[Date "2006.04.14"]
[Round "10"]
[White "Czarnota,P"]
[Black "Galkin,A"]
[Result "1-0"]
[WhiteElo "2497"]
[BlackElo "2616"]

1.e4 c5 2.Nf3 e6 3.d4 cxd4 4.Nxd4 Nc6 5.Nc3 a6 6.Be2 d6 7.O-O Nf6 8.Be3 Be7
9.f4 Bd7 10.a4 Nxd4 11.Bxd4 Bc6 12.Bd3 O-O 13.Qf3 Qa5 14.Kh1 Nd7 15.Qh3 Nc5
16.Qg3 g6 17.f5 Nxd3 18.cxd3 exf5 19.exf5 Rae8 20.Rf4 Bd8 21.Raf1 Re5 22.b4 Qc7
23.b5 axb5 24.axb5 Bd7 25.fxg6 hxg6 26.Bxe5 dxe5 27.Qxg6+  1-0

[Event "7th ch-Euro"]
[Site "Kusadasi TUR"]
[Date "2006.04.14"]
[Round "10"]
[White "Erdogdu,M"]
[Black "Aroshidze,L"]
[Result "1-0"]
[WhiteElo "2345"]
[BlackElo "2490"]

1.e4 c5 2.Nf3 e6 3.d4 cxd4 4.Nxd4 Nc6 5.Nc3 Qc7 6.Be3 a6 7.Qd2 Nf6 8.O-O-O Bb4
9.f3 Ne5 10.Nb3 b5 11.Kb1 Nc4 12.Bxc4 bxc4 13.Nc1 Rb8 14.N1e2 O-O 15.Bf4 e5
16.Bg5 Ne8 17.Ka1 d6 18.a3 a5 19.h4 Be6 20.Qc1 f5 21.exf5 Rxf5 22.Na2 d5
23.axb4 axb4 24.Bd2 Qa7 25.b3 d4 26.Qb1 c3 27.Be1 Nc7 28.Bf2 Nb5 29.Rhe1 Rf6
30.Bg3 Na3 31.Qc1 Rb5 32.Nexc3 bxc3 33.Bxe5 Rf8 34.Bxd4 Qa6 35.Rxe6 Nxc2+
36.Qxc2 Qxe6 37.b4 Ra8 38.Bxc3 Rb7 39.Kb1 Rba7 40.Nc1 Qc4 41.Qb3 Rc7 42.Kb2 Rac8
43.Ne2 Qxb3+ 44.Kxb3 Kf7 45.Rd3 g6 46.Ng3 h6 47.Ne4 Ra8 48.Rd6 Rg8 49.b5  1-0